MARC-Details
| 000 -LEADER |
| fixed length control field |
02864nam a2200625 c 4500 |
| 001 - CONTROL NUMBER |
| control field |
1947598686 |
| 003 - CONTROL NUMBER IDENTIFIER |
| control field |
DE-627 |
| 005 - DATE AND TIME OF LATEST TRANSACTION |
| control field |
20260324172016.0 |
| 007 - PHYSICAL DESCRIPTION FIXED FIELD--GENERAL INFORMATION |
| fixed length control field |
cr uuu---uuuuu |
| 008 - FIXED-LENGTH DATA ELEMENTS--GENERAL INFORMATION |
| fixed length control field |
251226s2024 gw |||||o 00| ||ger c |
| 020 ## - INTERNATIONAL STANDARD BOOK NUMBER |
| International Standard Book Number |
9783646733952 |
| Terms of availability |
EPUB |
| 024 7# - OTHER STANDARD IDENTIFIER |
| Standard number or code |
urn:nbn:de:gbv:18-epflicht-303068 |
| Source of number or code |
urn |
| 035 ## - SYSTEM CONTROL NUMBER |
| System control number |
(DE-627)1947598686 |
| 035 ## - SYSTEM CONTROL NUMBER |
| System control number |
(DE-599)KEP122305132 |
| 035 ## - SYSTEM CONTROL NUMBER |
| System control number |
(EPFHH-CARLSEN)9783646733952_9783646733952 |
| 035 ## - SYSTEM CONTROL NUMBER |
| System control number |
(EPFHH)3654c188-379e-49bc-96d1-794c3adb218c |
| 035 ## - SYSTEM CONTROL NUMBER |
| System control number |
(DE-627-1)122305132 |
| 040 ## - CATALOGING SOURCE |
| Original cataloging agency |
DE-627 |
| Language of cataloging |
ger |
| Transcribing agency |
DE-627 |
| Description conventions |
rda |
| 041 ## - LANGUAGE CODE |
| Language code of text/sound track or separate title |
ger |
| Language code of original |
jpn |
| 044 ## - COUNTRY OF PUBLISHING/PRODUCING ENTITY CODE |
| ISO country code |
XA-DE-HH |
| 072 #7 - SUBJECT CATEGORY CODE |
| Subject category code |
9182 |
| Source |
wsb |
| 082 04 - DEWEY DECIMAL CLASSIFICATION NUMBER |
| Classification number |
741.5 |
| Assigning agency |
DE-576 |
| 245 00 - TITLE STATEMENT |
| Title |
I Didn't Mean to Fall in Love – double |
| Remainder of title |
Fortsetzung des erotischen Yaoi-Einzelbands ab 18 über große Gefühle |
| Statement of responsibility, etc. |
Minta Suzumaru, Diana Hesse |
| 250 ## - EDITION STATEMENT |
| Edition statement |
1. Auflage |
| 264 #1 - PRODUCTION, PUBLICATION, DISTRIBUTION, MANUFACTURE, AND COPYRIGHT NOTICE |
| Place of production, publication, distribution, manufacture |
Hamburg |
| Name of producer, publisher, distributor, manufacturer |
Hayabusa |
| Date of production, publication, distribution, manufacture, or copyright notice |
2024 |
| 300 ## - PHYSICAL DESCRIPTION |
| Extent |
1 Online-Ressource (180 S.) |
| Other physical details |
Illustrationen |
| 336 ## - CONTENT TYPE |
| Content type term |
Text |
| Content type code |
txt |
| Source |
rdacontent |
| 337 ## - MEDIA TYPE |
| Media type term |
Computermedien |
| Media type code |
c |
| Source |
rdamedia |
| 338 ## - CARRIER TYPE |
| Carrier type term |
Online-Ressource |
| Carrier type code |
cr |
| Source |
rdacarrier |
| 520 ## - SUMMARY, ETC. |
| Summary, etc. |
Fortsetzung des erotischen Boys-Love-Einzelbands von der beliebten Mangaka Minta Suzumaru! Yoshino und Rou haben sich in ihrer Beziehung eingerichtet und leben zufrieden ihren gemeinsamen Alltag. Doch dieser wandelt sich, als Rou das Studium abschließt und ebenfalls ein Teil der arbeitenden Bevölkerung wird. Er ist frustriert, dass er nicht mehr so viel Zeit mit Yoshino verbringen kann, der sich wiederum zunehmend Sorgen um seinen Partner macht... - Spice-Level: 2 von 5 Chilis. In diesem Boys-Love-Titel stehen die Gefühle im Mittelpunkt. Mit einzelnen expliziten Szenen. - Fortsetzung von I DIDN'T MEAN TO FALL IN LOVE Voller Drama und Leidenschaft – ein Muss für alle Fans von romantischen Boys-Love-Mangas. |
| 583 1# - ACTION NOTE |
| Action |
Archivierung/Langzeitarchivierung gewährleistet |
| Authorization |
PEHH |
| Action agent |
DE-576 |
| Source of term |
pdager |
| Institution to which field applies |
DE-18 |
| 650 #4 - SUBJECT ADDED ENTRY--TOPICAL TERM |
| Topical term or geographic name entry element |
spätes coming out buch manga |
| 650 #4 - SUBJECT ADDED ENTRY--TOPICAL TERM |
| Topical term or geographic name entry element |
bl manga einzelband |
| 650 #4 - SUBJECT ADDED ENTRY--TOPICAL TERM |
| Topical term or geographic name entry element |
yaoi manga 18 |
| 650 #4 - SUBJECT ADDED ENTRY--TOPICAL TERM |
| Topical term or geographic name entry element |
boys love mangas boys liebe |
| 650 #4 - SUBJECT ADDED ENTRY--TOPICAL TERM |
| Topical term or geographic name entry element |
boys love manga ab 18 |
| 650 #4 - SUBJECT ADDED ENTRY--TOPICAL TERM |
| Topical term or geographic name entry element |
hayabusa manga ab 18 |
| 650 #4 - SUBJECT ADDED ENTRY--TOPICAL TERM |
| Topical term or geographic name entry element |
hayabusa manga für erwachsene |
| 650 #4 - SUBJECT ADDED ENTRY--TOPICAL TERM |
| Topical term or geographic name entry element |
manhwa yaoi |
| 650 #4 - SUBJECT ADDED ENTRY--TOPICAL TERM |
| Topical term or geographic name entry element |
gay manga |
| 650 #4 - SUBJECT ADDED ENTRY--TOPICAL TERM |
| Topical term or geographic name entry element |
schwule liebe |
| 650 #4 - SUBJECT ADDED ENTRY--TOPICAL TERM |
| Topical term or geographic name entry element |
smut bücher |
| 650 #4 - SUBJECT ADDED ENTRY--TOPICAL TERM |
| Topical term or geographic name entry element |
schwule liebesromane |
| 650 #4 - SUBJECT ADDED ENTRY--TOPICAL TERM |
| Topical term or geographic name entry element |
romance manga ab 18 |
| 650 #4 - SUBJECT ADDED ENTRY--TOPICAL TERM |
| Topical term or geographic name entry element |
erotik manga |
| 650 #4 - SUBJECT ADDED ENTRY--TOPICAL TERM |
| Topical term or geographic name entry element |
homosexuelle liebesromane |
| 650 #4 - SUBJECT ADDED ENTRY--TOPICAL TERM |
| Topical term or geographic name entry element |
japanische leserichtung |
| 951 ## - EQUIVALENCE OR CROSS-REFERENCE--GEOGRAPHIC NAME/AREA NAME [OBSOLETE] [CAN/MARC only] |
| Geographic name |
BO |
| 700 1# - ADDED ENTRY--PERSONAL NAME |
| Personal name |
Suzumaru, Minta |
| Relator term |
VerfasserIn |
| Relationship |
aut |
| 700 1# - ADDED ENTRY--PERSONAL NAME |
| Personal name |
Hesse, Diana |
| Relator term |
ÜbersetzerIn |
| Relationship |
trl |
| 776 1# - ADDITIONAL PHYSICAL FORM ENTRY |
| International Standard Book Number |
9783551624826 |
| 776 08 - ADDITIONAL PHYSICAL FORM ENTRY |
| Relationship information |
Erscheint auch als |
| Note |
Druck-Ausgabe |
| International Standard Book Number |
9783551624826 |
| 856 40 - ELECTRONIC LOCATION AND ACCESS |
| Uniform Resource Identifier |
<a href="https://nbn-resolving.org/urn:nbn:de:gbv:18-epflicht-303068">https://nbn-resolving.org/urn:nbn:de:gbv:18-epflicht-303068</a> |
| Contact for access assistance |
X:EPF |
| Public note |
lizenzpflichtig |
| Access status |
1 |
| 942 ## - ADDED ENTRY ELEMENTS (KOHA) |
| Source of classification or shelving scheme |
Dewey Decimal Classification |
| Koha item type |
Manga |
| Suppress in OPAC |
No |